[Event "Challenge"]
[Site "http://www.queenalice.com/game.php?id=1785664"]
[Date "2022.3.26"]
[Round "-"]
[White "Racey"]
[Black "Rovigo"]
[Result "1-0"]
[WhiteElo "1526"]
[BlackElo "1468"]

1. e4 e5 2. Qh5 d6 3. Bc4 Be6 4. Bxe6 Qe7 5. Bd5 g6 6. Qg4 Nf6 7. Qc8+ Qd8 8.
Qxb7 Nbd7 9. b4 Rb8 10. Qxa7 Rxb4 11. Nc3 Bh6 12. Qa5 Rd4 13. a4 c6 14. Bxc6 Rc4
15. Qb5 Rc5 16. Qb7 Ke7 17. h4 Qb8 18. Nd5+ Ke6 19. Nxf6 Nxf6 20. Qb3+ Qxb3 21.
cxb3 Rxc6 22. f3 Rhc8 23. Ba3 Rc2 24. g4 Bxd2+ 25. Kd1 d5 26. exd5+ Nxd5 27. g5
Nc3+ 28. Kxc2 Bf4 29. Bb2 Nd5+ 30. Kd3 Nb4+ 31. Ke2 Rc2+ 32. Kd1 Rxb2 33. Ra3
Nc2 34. Ne2 Ne3+ 35. Kc1 Rc2+ 36. Kb1 Rxe2 37. a5 Nd5 38. a6 Nc7 39. a7 e4 40.
Rf1 Na8 41. Ra6+ Ke7 42. b4 Rd2 43. b5 Rd7 44. fxe4 Be5 45. Rc6 Rxa7 46. Rfc1
Bf4 47. R1c5 Bd6 48. Rd5 Nc7 49. b6 Rb7 50. Rdxd6 Na8 51. e5 f6 52. Rxf6 Kd7 53.
Kc2 Ke7 54. Kc3 Rd7 55. Rc8 Nxb6 56. Rxb6 Ra7 57. Rh8 Ra3+ 58. Kb4 Rf3 59. Rxh7+
Rf7 60. Rb7+ Ke6 61. Rhxf7 Kxe5 62. Rbe7+ Kd6 63. Kc4 Kc6 64. Re6# 1-0

[Event "Challenge"]
[Site "http://www.queenalice.com/game.php?id=1786405"]
[Date "2022.4.6"]
[Round "-"]
[White "Rovigo"]
[Black "Retraiteactive"]
[Result "0-1"]
[WhiteElo "1470"]
[BlackElo "1862"]

1. e4 e6 2. Nf3 d5 3. Bb5+ Bd7 4. Bxd7+ Nxd7 5. exd5 exd5 6. d3 Be7 7. Nc3 Ngf6
8. Bg5 c6 9. Bxf6 Nxf6 10. Ne5 O-O 11. h4 h6 12. Qf3 Bd6 13. Ng4 Nxg4 14. Qxg4
Qe7+ 15. Qe2 Rfe8 16. Qxe7 Rxe7+ 17. Kf1 Rae8 18. g3 a6 19. f4 f5 20. a4 Bb4 21.
Kg2 Bxc3 22. bxc3 Re2+ 23. Kh3 Rxc2 24. c4 dxc4 25. Rhd1 cxd3 26. Rxd3 Rb2 27.
Rd7 Ree2 28. Rh1 a5 29. Rd8+ Kh7 30. Rf8 g6 31. Rf7+ Kg8 32. Rf6 Kg7 33. Rd6 h5
34. Rd7+ Kf6 35. Rd6+ Re6 36. Rxe6+ Kxe6 37. Re1+ Kf7 38. Re5 b6 39. Re3 Rb4 40.
Rc3 c5 41. Ra3 c4 42. Kg2 b5 43. axb5 Rxb5 44. Rc3 Rb4 45. Kf2 a4 46. Ke3 Rb3
47. Kd2 a3 48. Rxb3 cxb3 49. Kc1 Ke6 50. Kb1 Kd5 51. Ka1 Ke4 52. Kb1 Kf3 0-1

[Event "Challenge"]
[Site "http://www.queenalice.com/game.php?id=1790555"]
[Date "2022.6.8"]
[Round "-"]
[White "Racey"]
[Black "Rovigo"]
[Result "0-1"]
[WhiteElo "1546"]
[BlackElo "1454"]

1. e4 e5 2. Qh5 d6 3. Bc4 Qe7 4. b4 a5 5. b5 Nf6 6. Qf3 Bg4 7. Qe3 c6 8. b6 h5
9. h4 g6 10. a4 Bh6 11. Qd3 Nbd7 12. f3 Nc5 13. Qc3 d5 14. exd5 cxd5 15. Bb5+
Bd7 16. Bxd7+ Nfxd7 17. Ba3 Rc8 18. Qxa5 e4 19. Ne2 Bg7 20. d4 Ne6 21. Bxe7 Kxe7
22. Qb4+ Kd8 23. Na3 e3 24. a5 Bf8 25. Qb3 Bg7 26. Qxe3 Re8 27. O-O-O Nxd4 28.
Nxd4 Rxe3 29. Nab5 Rc4 30. f4 Nc5 31. Kd2 Bxd4 32. Nxd4 Re4 33. c3 Rxf4 34. Ne2
Ne4+ 35. Kc2 Rf5 36. Ra1 Rf2 37. Kd1 Nxc3+ 38. Nxc3 Rxc3 39. Rc1 Rxc1+ 40. Kxc1
Rxg2 41. Rf1 Ke8 42. Rd1 Rh2 43. Rxd5 Rxh4 44. Re5+ Kf8 45. Rd5 Rc4+ 46. Kd2 h4
47. Rd7 h3 48. Rxb7 h2 49. a6 h1=Q 50. Rb8+ Kg7 51. a7 Ra4 52. a8=Q Rxa8 53.
Rxa8 Qxa8 54. Kc3 Qc6+ 55. Kd3 g5 56. Ke2 g4 57. Kf2 Qf3+ 58. Ke1 g3 59. b7 Qxb7
60. Kf1 g2+ 61. Kg1 Qf3 62. Kh2 Qf1 63. Kg3 g1=Q+ 64. Kh4 Qf4+ 65. Kh5 Qfg5# 0-1

[Event "Challenge"]
[Site "http://www.queenalice.com/game.php?id=1809730"]
[Date "2023.4.10"]
[Round "-"]
[White "zmanomega"]
[Black "Rovigo"]
[Result "1-0"]
[WhiteElo "1570"]
[BlackElo "1503"]

1. e4 e5 2. Qh5 d6 3. Bc4 g6 4. Qf3 Nf6 5. Ne2 Bg4 6. Qb3 Be6 7. Bxe6 fxe6 8.
Qxe6+ Qe7 9. Qc4 h5 10. d3 Nc6 11. Bg5 Bh6 12. Bxh6 Rxh6 13. Nbc3 a5 14. h3 Nb4
15. Rc1 c5 16. a3 Nc6 17. Qb5 h4 18. Nd5 Nxd5 19. exd5 e4 20. dxc6 Rb8 21. c7+
Kf7 22. cxb8=Q Qg5 23. Q5e8+ Kg7 24. Qxb7+ Kf6 25. Qbf7# 1-0

[Event "Challenge"]
[Site "http://www.queenalice.com/game.php?id=1832066"]
[Date "2024.2.22"]
[Round "-"]
[White "AdilsonGomes"]
[Black "Rovigo"]
[Result "1-0"]
[WhiteElo "1754"]
[BlackElo "1475"]

1. e4 e5 2. Nf3 Nc6 3. Bc4 Nd4 4. Nxe5 d5 5. Bxd5 Be6 6. Bxb7 Rb8 7. Ba6 Nf6 8.
c3 Nb5 9. Nc6 Qd6 10. Nxb8 Qc5 11. Qa4 Bd7 12. Nxd7 Nxd7 13. Bxb5 c6 14. Bxc6
Qd6 15. e5 Qxe5+ 16. Kf1 Qc7 17. Na3 Bc5 18. d4 Bd6 19. g3 Kd8 20. Nc4 Nb6 21.
Nxb6 Qxb6 22. Kg2 Kc7 23. Bb5 Ra8 24. Qc4+ Kb7 25. Qxf7+ Kb8 26. Qe8+ Kb7 27.
Qe4+ Kb8 28. Bc6 a5 29. Qe8+ Kc7 30. Qd7+ Kb8 31. Qxd6+ Ka7 32. Re1 Rd8 33. Re7+
Ka6 34. Bb7+ Ka7 35. Bd5+ Ka6 36. Bc4# 1-0

[Event "Challenge"]
[Site "http://www.queenalice.com/game.php?id=1832067"]
[Date "2024.2.22"]
[Round "-"]
[White "Rovigo"]
[Black "AdilsonGomes"]
[Result "0-1"]
[WhiteElo "1480"]
[BlackElo "1749"]

1. e4 d6 2. Nc3 c6 3. Nf3 Nf6 4. e5 Nfd7 5. d4 dxe5 6. dxe5 e6 7. Bg5 Be7 8. Bc4
Bxg5 9. Nxg5 Qxg5 10. Ne4 Qxg2 11. Ng3 Nxe5 12. b3 Nxc4 13. bxc4 h5 14. h4 O-O
15. a4 Na6 16. Qxh5 Nb4 17. Rc1 Na2 18. Ra1 Nb4 19. Qc5 Nxc2+ 20. Kd2 Nxa1 21.
Rxa1 Bd7 22. Ke2 Qh3 23. Rh1 Qg4+ 24. Kd3 Qf3+ 25. Qe3 Qg4 26. h5 e5 27. Qxe5
Qf3+ 28. Kd4 Qxf2+ 29. Kc3 Rae8 30. Qd6 Re3+ 31. Kb4 Rxg3 32. Qxd7 Qb2+ 33. Kc5
Qe5+ 34. Kb4 a5# 0-1

[Event "Challenge"]
[Site "http://www.queenalice.com/game.php?id=1841124"]
[Date "2024.7.29"]
[Round "-"]
[White "Rovigo"]
[Black "Aquarebel"]
[Result "0-1"]
[WhiteElo "1461"]
[BlackElo "1395"]

1. e4 g5 2. d3 e5 3. Nf3 f6 4. d4 d6 5. Nc3 c5 6. Nd5 Bg4 7. Bb5+ Nc6 8. Bxc6+
bxc6 9. h3 Bxf3 10. gxf3 cxd5 11. exd5 cxd4 12. c3 Qb6 13. a4 h6 14. a5 Qb5 15.
cxd4 Qxd5 16. Qa4+ Kf7 17. Qd7+ Ne7 18. b4 Kg8 19. O-O Qxd4 20. Be3 Qxb4 21.
Rab1 Qa3 22. Qb7 Rd8 23. Qc7 Rc8 24. Qxa7 Rh7 25. Rb8 Qc3 26. Rfb1 Nd5 27. R1b7
Re7 28. a6 Nb4 29. Rxb4 Rxa7 30. Bxa7 d5 31. Be3 Bxb4 32. a7 Bf8 33. a8=Q Rxb8
34. Qxb8 d4 35. Bxd4 exd4 36. Qb6 Bg7 37. Qe6+ Kh7 38. Qf5+ Kg8 39. f4 Qc1+ 40.
Kg2 Qxf4 41. Qc8+ Kh7 42. Qc2+ f5 43. f3 Kg6 44. Qc6+ Kh5 45. Qd7 Qe5 46. h4
Kxh4 47. Kf2 Qg3+ 48. Ke2 Qe5+ 49. Kd3 Kg3 50. Qf7 Qe3+ 51. Kc4 Qe5 52. Qh5 Qf4
53. Qh1 Qxf3 54. Qg1+ Kf4 55. Qc1+ Qe3 56. Qf1+ Ke5 57. Qa1 Qc3+ 0-1

[Event "Challenge"]
[Site "http://www.queenalice.com/game.php?id=1846141"]
[Date "2024.10.24"]
[Round "-"]
[White "dosoldini"]
[Black "Rovigo"]
[Result "0-1"]
[WhiteElo "1420"]
[BlackElo "1453"]

1. e4 e5 2. Bc4 Nc6 3. Nf3 f6 4. a3 h5 5. d3 Nh6 6. Nc3 Bc5 7. Nh4 Ng4 8. O-O a5
9. Be3 Bxe3 10. Qf3 Bg5 11. Nf5 g6 12. Qg3 gxf5 13. Ne2 h4 14. Qf3 Nd4 15. Nxd4
exd4 16. Qxf5 Be3 17. Qg6+ Ke7 18. Qxg4 d5 19. Qg7+ Kd6 20. Bxd5 Bh6 21. Qg6 c6
22. Qh5 cxd5 23. Qxd5+ Ke7 24. Qc5+ Qd6 25. Qh5 Be6 26. Qxh4 Bg5 27. Qg3 Qxg3
28. fxg3 Be3+ 29. Kh1 f5 30. exf5 Bd5 31. f6+ Kf7 32. c4 Be6 33. Rf3 Bg4 34.
Rff1 Be2 35. Rfe1 Bg4 36. h3 Bh5 37. Rf1 Be2 38. Rfe1 Bxd3 39. b3 a4 0-1

[Event "Let's Play Chess!"]
[Site "http://www.queenalice.com/game.php?id=1858608"]
[Date "2025.6.10"]
[Round "-"]
[White "Capixaba789"]
[Black "Rovigo"]
[Result "1-0"]
[WhiteElo "1747"]
[BlackElo "1501"]

1. d4 Nc6 2. d5 Nb4 3. e4 e6 4. dxe6 fxe6 5. Nf3 d5 6. e5 h5 7. Be2 a5 8. O-O
Bc5 9. Nc3 a4 10. Ng5 d4 11. Bxh5+ Kd7 12. Nf7 Qf8 13. Nxh8 Nh6 14. Ng6 Qf5 15.
Nb5 Nxc2 16. Bxh6 gxh6 17. Rc1 d3 18. Rxc2 Kc6 19. Nd4+ Kd5 20. Nxf5 exf5 21.
Qxd3+ Kc6 22. Ne7+ Kb6 23. Nxc8+ Rxc8 24. Qxf5 Rd8 25. Rxc5 Kxc5 26. e6+ Kd6 27.
Rd1+ Ke7 28. Qf7# 1-0

[Event "Let's Play Chess!"]
[Site "http://www.queenalice.com/game.php?id=1859862"]
[Date "2025.7.14"]
[Round "-"]
[White "zubarev"]
[Black "Rovigo"]
[Result "1-0"]
[WhiteElo "1851"]
[BlackElo "1495"]

1. d4 d5 2. Nc3 e6 3. Nf3 Bb4 4. Bd2 Bxc3 5. Bxc3 Nf6 6. e3 Nc6 7. Bb5 Bd7 8.
Bxc6 bxc6 9. Ne5 a5 10. O-O h5 11. f4 h4 12. Ng4 Nxg4 13. Qxg4 g6 14. Qf3 a4 15.
e4 dxe4 16. Qxe4 a3 17. Qe5 Rh5 18. Qg7 axb2 19. Bxb2 Ra4 20. d5 cxd5 21. Bf6
Qc8 22. Qg8# 1-0